An introduction to matrix and finite element methods in civil engineering /
Guardado en:
| Autor Principal: | |
|---|---|
| Formato: | Libro |
| Idioma: | English |
| Publicado: |
Barking (Essex, England) :
Applied Science Publishers,
1971.
|
| Etiquetas: |
Agregar Etiqueta
Sin Etiquetas, Sea el primero en etiquetar este registro!
|
| LEADER | 00595cam a22001695a 4500 | ||
|---|---|---|---|
| 001 | MAT.inmabb002278 | ||
| 008 | 850529s1971####enka#####b####001#0#eng#d | ||
| 005 | 20170612153332.0 | ||
| 245 | 1 | 3 | |a An introduction to matrix and finite element methods in civil engineering / |c G. N. Smith. |
| 260 | |a Barking (Essex, England) : |b Applied Science Publishers, |c 1971. | ||
| 300 | |a xi, 222 p. : |b il. ; |c 23 cm. | ||
| 504 | |a Bibliografía: p. 218. | ||
| 020 | |a 0853345023 | ||
| 100 | 1 | |a Smith, G. N. |q (Geoffrey Nesbitt) | |
| 084 | |a 00A06 |2 msc2000 | ||
| 010 | |a 72300742 | ||
| 859 | |h 00A06 |i Sm642 |p A-3943 |b BIB. MATEMATICA | ||
